Statistics for Countries w/ Longest Borders by Continent

Click here to take the quiz!

General Stats

  • This quiz has been taken 229 times
  • The average score is 6 of 6

Answer Stats

Continent Country % Correct
AsiaChina
98%
North AmericaUnited States
98%
South AmericaBrazil
98%
EuropeRussia
97%
AfricaDem. Rep. of the Congo
89%
OceaniaPapua New Guinea
81%

Score Distribution

Percentile by Number Answered

Percent of People with Each Score

Your Score History

You have not taken this quiz